|
|
|
|
| LEADER |
00000cas a2200000 a 4500 |
| 001 |
vtls001485670 |
| 003 |
SK-MaSNL |
| 005 |
20260425194100.0 |
| 008 |
200318d20012002xo ar 0 0b0slo |
| 020 |
|
|
|a 8096850636 (brož. : 2001)
|
| 020 |
|
|
|a 8096850679 (brož. : 2002)
|
| 035 |
|
|
|a SNK000440963
|
| 040 |
|
|
|a SNK
|b slo
|c SNK
|e AACR2
|
| 041 |
0 |
|
|a slo
|
| 043 |
|
|
|a e-xo---
|
| 044 |
|
|
|a xo
|c SK
|
| 072 |
|
7 |
|a 69
|x Stavebníctvo
|2 konspekt
|
| 080 |
|
|
|a 69
|2 2011
|
| 080 |
|
|
|a (036)
|2 2011
|
| 080 |
|
|
|a (437.6)
|2 2011
|
| 080 |
|
|
|a (058)
|2 2011
|
| 245 |
0 |
0 |
|a Staviteľský almanach ...
|
| 260 |
|
|
|a [Trnava]
|b Inžinierska akadémia Slovenska
|c 2001-[2002]
|
| 300 |
|
|
|a 2 zv.
|b fotogr., ilustr.,mp., tab.
|c 24 cm
|
| 310 |
|
|
|a 1x ročne
|
| 362 |
0 |
|
|a 2001-[2002]
|
| 490 |
1 |
|
|a Knižnica autorizovaného stavebného inžiniera
|
| 500 |
|
|
|a Súčasťou názvu je označenie bežného roku
|
| 500 |
|
|
|a Každé vydanie v edícií je samostatne číslované
|
| 650 |
0 |
7 |
|a staviteľstvo
|2 SNKPH
|9 724
|
| 650 |
0 |
7 |
|a Architectural engineering
|2 SNKPHeng
|9 267259
|
| 651 |
|
7 |
|a Slovensko
|2 SNKPHgeo
|9 14231
|
| 651 |
|
7 |
|a Slovakia
|2 SNKPHeng
|9 92630
|
| 655 |
|
7 |
|a informačné publikácie
|2 SNKPH
|9 70181
|
| 655 |
|
7 |
|a Information publicatio
|2 SNKPHengns
|9 267260
|
| 655 |
|
7 |
|a ročenky
|2 SNKPH
|9 57146
|
| 655 |
|
7 |
|a Yearbooks
|2 SNKPHeng
|9 120938
|
| 830 |
|
0 |
|a Knižnica autorizovaného stavebného inžiniera
|9 267261
|
| 910 |
|
|
|a snk
|
| 919 |
|
|
|a 80-968506-3-6
|
| 919 |
|
|
|a 80-968506-7-9
|
| 999 |
|
|
|c 3538
|d 5468
|
| 952 |
|
|
|a SNK
|b SNK
|y PREZ
|7 0
|p 17A0446059
|o snkČSC 3387/2001
|i snkPV 1499/2004
|f 1
|0 0
|1 0
|4 0
|d 2004-11-18
|l 0
|r 2005-01-02 00:00:00
|w 2026-02-21
|
| 952 |
|
|
|a SNK
|b SNK
|y PREZ
|7 0
|p 17A0446060
|o snkČSC 3387/2002
|i snkPV 1500/2004
|f 1
|0 0
|1 0
|4 0
|d 2004-11-18
|l 0
|r 2005-01-02 00:00:00
|w 2026-02-21
|